000 00348 a2200157 4500
001 194547
040 _cMagnum
100 _aBraido, Eunice
240 1 0 _aPé veloz, o menino da floresta
_lpor
245 1 0 _aPé veloz, o menino da floresta
300 _a24
362 0 _a2006
440 1 _aAnglo
697 _aLITERATURA INFANTIL
942 _cBK
999 _c194547
_d194547